• 首页
  • 本馆介绍
  • 公告通知
  • 最新文献
  • 馆藏检索
  • 电子资源
  • 读者导购
  • 参考咨询
  • 我的图书馆
  • 登录
  • 详细信息显示
  • 放入我的书架
  • 预约/预借图书
  • 作者相关作品
  • 分类相关作品
  • 丛书相关作品
  • 出版社相关作品

书目信息

  • 表格格式
  • 工作单格式
  • 卡片格式
题名:
《本草纲目》纯天然食材养生速查全书
    
 
作者: 孙志慧 编著
分册:  
出版信息: 天津   天津科学技术出版社  2014.01
页数: 349页
开本: 26cm
丛书名:
单 册:
中图分类: R247.1 , R281.3
科图分类:
主题词: 食物养生
电子资源:
ISBN: 978-7-5308-8481-2
000 01203nam0 2200301 450
001 0120141245949
005 20140610085255.82
010    @a978-7-5308-8481-2@b精装@dCNY29.80
100    @a20140308d2014 em y0chiy0110 ea
101 0  @achi
102    @aCN@b120000
105    @aa z 001yy
106    @ar
200 1  @a《本草纲目》纯天然食材养生速查全书@9《 ben cao gang mu 》 chun tian ran shi cai yang sheng su cha quan shu@f孙志慧编著
210    @a天津@c天津科学技术出版社@d2014.01
215    @a349页@c图@d26cm
300    @a中国家庭必备工具书
330    @a本书精选了《本草纲目》中最推崇的近百种百姓餐桌常见的纯天然食材,介绍了食材的食疗功效及食疗方法。本书分上下两篇,上篇为水果干果篇,介绍了山楂、木瓜、银杏、枇杷等水果,下篇为蔬菜,介绍了白菜、芹菜、茼蒿、苋菜、洋葱等蔬菜。
333    @a养生爱好者
512 1  @a《本草纲目》纯天然食材养生速查全书@9《 ben cao gang mu 》 chun tian ran shi cai yang sheng su cha quan shu@e超值全彩白金版
605    @a《本草纲目》@x食物养生
605    @a《本草纲目》
606 0  @a食物养生
690    @aR247.1@v5
690    @aR281.3@v5
701  0 @a孙志慧@9sun zhi hui@4编著
801  0 @aCN@b人天书店@c20140308
905    @b847163-66@dR247.1@e313@f4
    
    《本草纲目》纯天然食材养生速查全书/孙志慧编著.-天津:天津科学技术出版社,2014.01
    349页:图;26cm
    中国家庭必备工具书.-使用对象:养生爱好者
    
    ISBN 978-7-5308-8481-2(精装):CNY29.80
    本书精选了《本草纲目》中最推崇的近百种百姓餐桌常见的纯天然食材,介绍了食材的食疗功效及食疗方法。本书分上下两篇,上篇为水果干果篇,介绍了山楂、木瓜、银杏、枇杷等水果,下篇为蔬菜,介绍了白菜、芹菜、茼蒿、苋菜、洋葱等蔬菜。
●
相关链接 在E读中查询图书 在五车中查询图书 在当当中查询图书 在豆瓣中查询图书


正题名:《本草纲目》纯天然食材养生速查全书     索取号:R247.1/313         预约/预借

序号 登录号 条形码 馆藏地/架位号 状态 备注
1 847163   208471633   第二样本阅览室/ [索取号:R247.1/313] 在馆    
2 847164   208471642   第三借阅区/ [索取号:R247.1/313] 在馆    
3 847165   208471651   第三借阅区/ [索取号:R247.1/313] 在馆    
4 847166   208471660   密集书库-生命科学系/ [索取号:R247.1/313] 在馆    
唐山师范学院图书馆 欢迎您!
大连网信软件有限公司© 版权所有